[Event "बाहुबली (एक योद्धा) BAHUBALI (a warrior)"]
[Site "SchemingMind.com"]
[Date "2015.11.06"]
[Round "-"]
[White "emvarela"]
[Black "smothered mate"]
[Result "0-1"]
[WhiteCountry "ARG"]
[BlackCountry "POL"]
[WhiteElo "1709"]
[WhiteRD "48"]
[BlackElo "1942"]
[BlackRD "68"]
[GameID "389562"]

1. e4 e6 2. d4 d5 3. Nc3 Bb4 4. e5 c5 5. a3 Bxc3+ 6. bxc3 Ne7 7. Nf3 Nbc6 8. a4 Nf5 9. dxc5 Qa5 10. Bd2 Qxc5
11. Bb5 O-O 12. Bxc6 bxc6 13. O-O f6 14. exf6 gxf6 15. g4 Ng7 16. Nd4 e5 17. Nb3 Qe7 18. Bh6 Qd7 19. Bxg7 Qxg7 20. h3 f5
21. f3 Qh6 22. Kh2 Qf4+ 23. Kg2 Ba6 24. Rg1 Qe3 25. Qd2 Qxd2+ 26. Nxd2 f4 27. Nb3 Rae8 28. Rge1 e4 29. fxe4 dxe4 30. Nc5 f3+
31. Kf2 Be2 32. Nd7 Rf7 33. Rxe2 fxe2+ 34. Kxe2 Rxd7
0-1

[Event "बाहुबली (एक योद्धा) BAHUBALI (a warrior)"]
[Site "SchemingMind.com"]
[Date "2015.11.01"]
[Round "-"]
[White "smothered mate"]
[Black "Scooter"]
[Result "1-0"]
[WhiteCountry "POL"]
[BlackCountry "USA"]
[WhiteElo "1973"]
[WhiteRD "82"]
[BlackElo "1707"]
[BlackRD "48"]
[GameID "389563"]

1. e4 c6 2. d4 d5 3. Nc3 dxe4 4. Nxe4 Bf5 5. Ng3 Bg6 6. h4 h6 7. Nf3 Bh7 8. Bf4 Nf6 9. Bd3 Bxd3 10. Qxd3 Nbd7
11. O-O-O e6 12. Rhe1 Nd5 13. Rxe6+ fxe6 14. Qg6+ Ke7 15. Nf5+
1-0

[Event "बाहुबली (एक योद्धा) BAHUBALI (a warrior)"]
[Site "SchemingMind.com"]
[Date "2015.11.01"]
[Round "-"]
[White "Scooter"]
[Black "smothered mate"]
[Result "0-1"]
[WhiteCountry "USA"]
[BlackCountry "POL"]
[WhiteElo "1707"]
[WhiteRD "48"]
[BlackElo "1973"]
[BlackRD "82"]
[GameID "389564"]

1. d4 Nf6 2. Bf4 c5 3. e3 d6 4. Bb5+ Bd7 5. Bxd7+ Nbxd7 6. c3 e6 7. Nf3 Be7 8. O-O h6 9. h3 O-O 10. Nbd2 b5
11. dxc5 dxc5 12. Ne5 Qb6 13. Nxd7 Nxd7 14. Nc4 bxc4 15. Qxd7 Bf6 16. Qd2 Rfd8 17. Qe2 Rd3 18. Rfd1 Rad8 19. Rxd3 cxd3 20. Qd2 c4
21. e4 a5 22. b3 cxb3 23. axb3 Qxb3 24. e5 Bg5 25. Bxg5 hxg5 26. Rxa5 Qc2 27. Qxg5 Rb8 28. Ra1 d2
0-1

[Event "बाहुबली (एक योद्धा) BAHUBALI (a warrior)"]
[Site "SchemingMind.com"]
[Date "2015.11.01"]
[Round "-"]
[White "JimM"]
[Black "smothered mate"]
[Result "0-1"]
[WhiteCountry "USA"]
[BlackCountry "POL"]
[WhiteElo "1742"]
[WhiteRD "83"]
[BlackElo "1939"]
[BlackRD "65"]
[GameID "389566"]

1. e4 c5 2. Nf3 d6 3. d4 cxd4 4. Nxd4 Nf6 5. Nc3 a6 6. Be3 e6 7. Be2 Qc7 8. O-O Be7 9. f4 b5 10. a4 b4
11. Na2 Nxe4 12. Nxb4 d5 13. Nd3 Nc6 14. f5 Nxd4 15. Bxd4 Bf6 16. Bxf6 gxf6 17. c3 h5 18. Nf2 Qc5 19. Bxh5 exf5 20. Bf3 Bb7
21. Qd4 Qd6 22. h3 O-O-O 23. Nd3 Qg3 24. Bxe4 fxe4 25. Nf4 Rdg8 26. Qxf6 d4 27. cxd4 e3 28. Qf5+ Kb8 29. d5 e2 30. Qe5+ Ka8
31. Qxe2 Rh4 32. Qe4 f5 33. Qf3 Rxf4 34. Qxg3 Rxf1+ 35. Rxf1 Rxg3 36. Rxf5 Ka7 37. h4 Bc8 38. Rf2 Rg4 39. Rf7+ Kb6 40. Rh7 Rxa4
41. Kh2 Rd4 42. Rh8 Bb7 43. Kg3 Rxd5 44. Kf4 Rd2 45. g4 Rxb2 46. g5 Rg2 47. Kf5 a5 48. g6 a4 49. Rd8 a3 50. Rd1 a2
51. h5 Bf3 52. Rh1 Bxh5
0-1

[Event "बाहुबली (एक योद्धा) BAHUBALI (a warrior)"]
[Site "SchemingMind.com"]
[Date "2015.11.06"]
[Round "-"]
[White "smothered mate"]
[Black "Helga1946"]
[Result "0-1"]
[WhiteCountry "POL"]
[BlackCountry "GER"]
[WhiteElo "1959"]
[WhiteRD "71"]
[BlackElo "2250"]
[BlackRD "71"]
[GameID "389567"]

1. d4 d5 2. c4 e6 3. Nf3 h6 4. e3 c5 5. Nc3 Nf6 6. a3 a6 7. Bd2 dxc4 8. Bxc4 b5 9. Ba2 Nbd7 10. O-O Bb7
11. dxc5 Nxc5 12. Qe2 Bd6 13. Rfd1 Rc8 14. Rac1 Nd3 15. Rb1 Ng4 16. Be1 Nxe1 17. Nxe1 Bxh2+ 18. Kh1 Qh4 19. Qxg4 Qxg4 20. Kxh2 Rxc3
21. bxc3 Qe2 22. Bb3 Qxf2 23. Rd3 Be4 24. Rd4 Bxb1
0-1

[Event "बाहुबली (एक योद्धा) BAHUBALI (a warrior)"]
[Site "SchemingMind.com"]
[Date "2015.11.06"]
[Round "-"]
[White "Helga1946"]
[Black "smothered mate"]
[Result "1-0"]
[WhiteCountry "GER"]
[BlackCountry "POL"]
[WhiteElo "2284"]
[WhiteRD "70"]
[BlackElo "1973"]
[BlackRD "82"]
[GameID "389568"]

1. e4 e6 2. d4 d5 3. Nc3 Bb4 4. a3 Bxc3+ 5. bxc3 dxe4 6. Qg4 Nf6 7. Qxg7 Rg8 8. Qh6 Nbd7 9. Ne2 b6 10. Ng3 Bb7
11. Be2 Qe7 12. O-O O-O-O 13. a4 Rg6 14. Qh4 a5 15. Ba3 Qe8 16. c4 c5 17. c3 Qg8 18. Rfb1 Kc7 19. dxc5 Nxc5 20. Qf4+ Kc6
21. Rxb6+ Kxb6 22. Bxc5+ Kxc5 23. Qc7+ Bc6 24. Qe7+ Kb6 25. c5#
1-0

[Event "बाहुबली (एक योद्धा) BAHUBALI (a warrior)"]
[Site "SchemingMind.com"]
[Date "2015.11.01"]
[Round "-"]
[White "smothered mate"]
[Black "Ramesh Panwar"]
[Result "0-1"]
[WhiteCountry "POL"]
[BlackCountry "IND"]
[WhiteElo "1959"]
[WhiteRD "71"]
[BlackElo "2409"]
[BlackRD "63"]
[GameID "389569"]

1. d4 Nf6 2. c4 e6 3. Nc3 Bb4 4. e3 O-O 5. Bd3 d5 6. Ne2 dxc4 7. Bxc4 c5 8. O-O cxd4 9. exd4 Nc6 10. Bg5 h6
11. Bh4 Be7 12. Bxf6 Bxf6 13. d5 exd5 14. Bxd5 Bf5 15. Qa4 Qb6 16. b3 Nb4 17. Rad1 Bc2 18. Rd2 Rac8 19. Nb5 Nxd5 20. Rxd5 Rc5
21. Rxc5 Qxc5 22. Qc4 Qxc4 23. bxc4 Bd3 24. Re1 Re8 25. Kf1 Re7 26. Nxa7 Bc3
0-1

[Event "बाहुबली (एक योद्धा) BAHUBALI (a warrior)"]
[Site "SchemingMind.com"]
[Date "2015.11.01"]
[Round "-"]
[White "Ramesh Panwar"]
[Black "smothered mate"]
[Result "1-0"]
[WhiteCountry "IND"]
[BlackCountry "POL"]
[WhiteElo "2409"]
[WhiteRD "63"]
[BlackElo "1959"]
[BlackRD "71"]
[GameID "389570"]

1. e4 e6 2. d4 d5 3. e5 c5 4. c3 Nc6 5. Nf3 Bd7 6. Be2 f6 7. O-O fxe5 8. Nxe5 Nxe5 9. dxe5 Qc7 10. Bf4 O-O-O
11. c4 Bc6 12. cxd5 Bxd5 13. Qa4 Kb8 14. Nc3 Bc6 15. Qb3 Qf7 16. g3 Ne7 17. Rad1 Nd5 18. Bf3 Nxf4 19. Rxd8+ Kc7 20. Bxc6 Kxd8
21. Rd1+ Kc8 22. Rd7 Nh3+ 23. Kg2 Qxf2+ 24. Kxh3 Qf1+ 25. Bg2 Qf5+ 26. g4
1-0

[Event "बाहुबली (एक योद्धा) BAHUBALI (a warrior)"]
[Site "SchemingMind.com"]
[Date "2015.11.01"]
[Round "-"]
[White "smothered mate"]
[Black "Hagel"]
[Result "1-0"]
[WhiteCountry "POL"]
[BlackCountry "POL"]
[WhiteElo "1959"]
[WhiteRD "71"]
[BlackElo "1520"]
[BlackRD "69"]
[GameID "389571"]

1. f4 g6 2. Nf3 Bg7 3. e3 Nf6 4. d4 d6 5. Be2 O-O 6. O-O Nbd7 7. Bd2 Re8 8. Be1 e5 9. dxe5 dxe5 10. Nc3 exf4
11. exf4 c6 12. Bh4 Qb6+ 13. Kh1 Qxb2 14. Qd2 Qa3 15. Rae1
1-0

[Event "बाहुबली (एक योद्धा) BAHUBALI (a warrior)"]
[Site "SchemingMind.com"]
[Date "2015.11.01"]
[Round "-"]
[White "Hagel"]
[Black "smothered mate"]
[Result "0-1"]
[WhiteCountry "POL"]
[BlackCountry "POL"]
[WhiteElo "1520"]
[WhiteRD "69"]
[BlackElo "1959"]
[BlackRD "71"]
[GameID "389572"]

1. e4 c5 2. Nf3 d6 3. d4 cxd4 4. Nxd4 Nf6 5. Nc3 a6 6. Be3 e6 7. f3 b5 8. Qd2 Bb7 9. O-O-O Be7 10. g4 b4
11. Nb1 a5 12. Nb5 Ra6
0-1

[Event "बाहुबली (एक योद्धा) BAHUBALI (a warrior)"]
[Site "SchemingMind.com"]
[Date "2015.11.01"]
[Round "-"]
[White "smothered mate"]
[Black "kenneth m day"]
[Result "1-0"]
[WhiteCountry "POL"]
[BlackCountry "USA"]
[WhiteElo "1959"]
[WhiteRD "71"]
[BlackElo "1713"]
[BlackRD "53"]
[GameID "389574"]

1. d4 d5 2. c4 Nc6 3. Nc3 Nf6 4. Nf3 Bg4 5. e3 e6 6. Be2 dxc4 7. Bxc4 Bb4 8. O-O O-O 9. h3 Bh5 10. a3 Bxc3
11. bxc3 Ne4 12. Bb2 Qf6 13. Be2 Bg6 14. Rc1 Rfd8 15. c4 Ne7 16. Ba1 Rac8 17. d5 Qf5 18. g4 Nxf2 19. gxf5 Nxd1 20. fxg6 Nxe3
21. gxf7+ Kf8 22. Ng5 Nxf1 23. Rxf1 Nf5 24. dxe6 h6 25. Nh7+ Ke7 26. Rxf5 Kxe6 27. Bg4
1-0

[Event "बाहुबली (एक योद्धा) BAHUBALI (a warrior)"]
[Site "SchemingMind.com"]
[Date "2015.11.01"]
[Round "-"]
[White "kenneth m day"]
[Black "smothered mate"]
[Result "0-1"]
[WhiteCountry "USA"]
[BlackCountry "POL"]
[WhiteElo "1702"]
[WhiteRD "51"]
[BlackElo "1939"]
[BlackRD "65"]
[GameID "389575"]

1. e4 e6 2. d4 d5 3. e5 c5 4. c3 Nc6 5. Nf3 Bd7 6. Bd3 f6 7. exf6 Nxf6 8. Bg5 Qc7 9. Nbd2 O-O-O 10. O-O c4
11. Bc2 Bd6 12. b3 cxb3 13. axb3 Kb8 14. Bd3 Rdf8 15. b4 h6 16. Be3 g5 17. b5 Na5 18. c4 g4 19. Ne5 dxc4 20. Ndxc4 Nxc4
21. Bxc4 b6 22. Qb3 Bxe5 23. dxe5 Qxe5 24. g3 Nd5 25. Bxd5 exd5 26. Bf4 Rxf4 27. gxf4 Qxf4 28. Qxd5 Bc8 29. Rfe1 Rf8 30. Qe5+ Qxe5
31. Rxe5 Bb7 32. Rae1 a5 33. Re8+ Rxe8 34. Rxe8+ Ka7 35. Rh8 a4 36. Rxh6 a3 37. Re6 Bd5 38. Re1 a2 39. Ra1 Kb7 40. Kf1 Kc7
41. Ke2 Kd6 42. Ke3 Kc5 43. f3 gxf3 44. h4 Kb4 45. h5 Ka3 46. h6 Bg8 47. Kxf3 Kb2 48. Rg1 Bh7 49. Kf4 Bb1 50. h7 Bxh7
51. Rg2+ Ka3 52. Rxa2+ Kxa2 53. Ke5 Ka3 54. Kd6 Ka4 55. Kc6 Ka5
0-1

[Event "बाहुबली (एक योद्धा) BAHUBALI (a warrior)"]
[Site "SchemingMind.com"]
[Date "2015.11.06"]
[Round "-"]
[White "emvarela"]
[Black "kenneth m day"]
[Result "0-1"]
[WhiteCountry "ARG"]
[BlackCountry "USA"]
[WhiteElo "1690"]
[WhiteRD "47"]
[BlackElo "1713"]
[BlackRD "53"]
[GameID "389576"]

1. e4 d6 2. d4 e5 3. dxe5 Bd7 4. exd6 Bxd6 5. Nf3 Nf6 6. Bg5 O-O 7. Nc3 Re8 8. Bd3 Be7 9. Bxf6 Bxf6 10. Qd2 Nc6
11. O-O Bg4 12. Rfe1 Bxf3 13. gxf3 Bg5 14. f4 Bh6 15. Rad1 Qh4 16. Nd5 Ne5 17. Be2 Ng6 18. Qe3 c6 19. Nc7 Bxf4 20. Qf3 Bxc7
21. Rd7 Qxh2+ 22. Kf1 Ne5
0-1

[Event "बाहुबली (एक योद्धा) BAHUBALI (a warrior)"]
[Site "SchemingMind.com"]
[Date "2015.11.06"]
[Round "-"]
[White "kenneth m day"]
[Black "emvarela"]
[Result "1-0"]
[WhiteCountry "USA"]
[BlackCountry "ARG"]
[WhiteElo "1702"]
[WhiteRD "51"]
[BlackElo "1720"]
[BlackRD "49"]
[GameID "389577"]

1. e4 e5 2. Nf3 Nc6 3. c3 Nf6 4. d4 exd4 5. e5 Qe7 6. cxd4 d5 7. Be2 Ne4 8. Nc3 Nxc3 9. bxc3 h6 10. O-O f5
11. exf6 Qxf6 12. Re1 Be7 13. Qb3 Qd6 14. Bd3 O-O 15. a4 Qf6 16. Qc2 a6 17. Bh7+ Kh8 18. Bd3 Bf5 19. Bxf5 Qxf5 20. Qxf5 Rxf5
21. Bd2 Raf8 22. Rab1 b6 23. Re6 R5f6 24. Rbe1 Rxe6 25. Rxe6 Rf6 26. Re1 Bd6 27. Ne5 Bxe5 28. dxe5 Re6 29. f4 g6 30. g4 Na5
31. Rd1 Nc4 32. Kf2 Nxd2 33. Rxd2 c6 34. Ke3 g5 35. Rf2 c5 36. Re2 Kg7 37. Kf3 gxf4 38. Kxf4 Kg6 39. h4 b5 40. Rd2 bxa4
41. Rxd5 Rc6 42. Rd1 Rb6 43. Ra1 Rb3 44. Rxa4 Rxc3 45. Rxa6+ Kf7 46. Rxh6 c4 47. Rc6 Rc1 48. Ke4
1-0

[Event "बाहुबली (एक योद्धा) BAHUBALI (a warrior)"]
[Site "SchemingMind.com"]
[Date "2015.11.01"]
[Round "-"]
[White "Scooter"]
[Black "kenneth m day"]
[Result "1-0"]
[WhiteCountry "USA"]
[BlackCountry "USA"]
[WhiteElo "1717"]
[WhiteRD "47"]
[BlackElo "1713"]
[BlackRD "53"]
[GameID "389578"]

1. d4 d5 2. Nf3 Nf6 3. Bf4 c5 4. e3 Nc6 5. c3 Bg4 6. Be2 h6 7. h3 Bh5 8. dxc5 e6 9. b4 Be7 10. Nd4 Bxe2
11. Qxe2 O-O 12. O-O Qd7 13. Nxc6 Qxc6 14. Nd2 b6 15. cxb6 axb6 16. Rfc1 Bd6 17. Bxd6 Qxd6 18. a3 Rfc8 19. c4 dxc4 20. Nxc4 Qc6
21. Ne5 Qd5 22. Nc4 b5 23. Nb6 Qb7 24. Rxc8+ Rxc8 25. Nxc8 Qxc8 26. Qxb5 Nd5 27. Qd3 Nc3 28. Kf1 Nd5 29. b5 Nb6 30. Rd1 g6
31. Qd8+ Qxd8 32. Rxd8+ Kg7 33. Rb8
1-0

[Event "बाहुबली (एक योद्धा) BAHUBALI (a warrior)"]
[Site "SchemingMind.com"]
[Date "2015.11.01"]
[Round "-"]
[White "kenneth m day"]
[Black "Scooter"]
[Result "0-1"]
[WhiteCountry "USA"]
[BlackCountry "USA"]
[WhiteElo "1713"]
[WhiteRD "53"]
[BlackElo "1717"]
[BlackRD "47"]
[GameID "389579"]

1. e4 c6 2. c4 d5 3. cxd5 cxd5 4. exd5 Qxd5 5. d4 Nf6 6. Nc3 Qd8 7. Bc4 e6 8. Nf3 g6 9. Be3 Bg7 10. Rc1 O-O
11. Qd3 a6 12. h4 b5 13. Bb3 Bb7 14. Bc2 Bxf3 15. gxf3 Nd5 16. h5 Nb4 17. Qe4 Nd7 18. hxg6 hxg6 19. a3 Nf6 20. Qh4 Nxc2+
21. Rxc2 Nh5 22. Qg4 Qa5 23. Ke2 Rfd8 24. Rcc1 b4 25. axb4 Qxb4 26. Rcg1 Qxb2+ 27. Kd3 Rac8 28. Rc1 e5 29. Qe4 exd4 30. Bxd4 Rxd4+
31. Qxd4 Bxd4 32. Kxd4 Qxf2+ 33. Ke4 Rc4+
0-1

[Event "बाहुबली (एक योद्धा) BAHUBALI (a warrior)"]
[Site "SchemingMind.com"]
[Date "2015.11.01"]
[Round "-"]
[White "kenneth m day"]
[Black "JimM"]
[Result "1-0"]
[WhiteCountry "USA"]
[BlackCountry "USA"]
[WhiteElo "1713"]
[WhiteRD "53"]
[BlackElo "1799"]
[BlackRD "85"]
[GameID "389580"]

1. e4 e5 2. f4 exf4 3. Nf3 Be7 4. Bc4 Nf6 5. Nc3 Ng4 6. O-O d6 7. d4 g5 8. Bd2 Be6 9. Bb5+ Bd7 10. Qe2 h5
11. Bxd7+ Nxd7 12. e5 dxe5 13. dxe5 Bc5+ 14. Kh1 Qe7 15. Nd5 Qd8 16. e6 Ndf6 17. exf7+ Kf8 18. Nxf6 Nxf6 19. Nxg5
1-0

[Event "बाहुबली (एक योद्धा) BAHUBALI (a warrior)"]
[Site "SchemingMind.com"]
[Date "2015.11.01"]
[Round "-"]
[White "JimM"]
[Black "kenneth m day"]
[Result "0-1"]
[WhiteCountry "USA"]
[BlackCountry "USA"]
[WhiteElo "1799"]
[WhiteRD "82"]
[BlackElo "1698"]
[BlackRD "51"]
[GameID "389581"]

1. d4 d5 2. Nf3 Nf6 3. c4 Nc6 4. cxd5 Qxd5 5. Nc3 Qh5 6. e4 Bg4 7. Be2 O-O-O 8. Be3 e6 9. Qa4 Qa5 10. Qxa5 Nxa5
11. h3 Bh5 12. g4 Bg6 13. Ne5 Bb4 14. O-O Bxc3 15. bxc3 Nxe4 16. Rfc1 Rd6 17. Bf3 Ng5 18. Bg2 f6 19. Nxg6 hxg6 20. Kh2 Nc4
21. Bf4 Rb6 22. Rab1 Nf7 23. Rb4 Rxb4 24. cxb4 Nfd6 25. Bf1 b5 26. a4 a6 27. axb5 axb5 28. Bd3 g5 29. Be2 gxf4 30. Ra1 Kd7
0-1

[Event "बाहुबली (एक योद्धा) BAHUBALI (a warrior)"]
[Site "SchemingMind.com"]
[Date "2015.11.06"]
[Round "-"]
[White "kenneth m day"]
[Black "Helga1946"]
[Result "0-1"]
[WhiteCountry "USA"]
[BlackCountry "GER"]
[WhiteElo "1713"]
[WhiteRD "53"]
[BlackElo "2250"]
[BlackRD "71"]
[GameID "389582"]

1. e4 e5 2. Nf3 Nc6 3. c3 d5 4. Qa4 Nf6 5. Nxe5 Bd6 6. Nxc6 bxc6 7. d3 O-O 8. Be2 Qe7 9. Nd2 c5 10. O-O c4
11. Nf3 Bd7 12. Qc2 cxd3 13. Bxd3 dxe4 14. Re1 exd3 15. Qxd3 Be6 16. Bg5 h6 17. Bh4 g5 18. Bg3 Bxg3 19. hxg3 Rfe8 20. Rad1 Rad8
21. Qe3 Rxd1 22. Rxd1 Bxa2 23. Qxa7 Qe2 24. Qd4 c5 25. Qd2 Qxd2 26. Rxd2 g4 27. Nh4 Re1+ 28. Kh2 Ne4 29. Rc2 Bb3
0-1

[Event "बाहुबली (एक योद्धा) BAHUBALI (a warrior)"]
[Site "SchemingMind.com"]
[Date "2015.11.06"]
[Round "-"]
[White "Helga1946"]
[Black "kenneth m day"]
[Result "1-0"]
[WhiteCountry "GER"]
[BlackCountry "USA"]
[WhiteElo "2284"]
[WhiteRD "70"]
[BlackElo "1678"]
[BlackRD "53"]
[GameID "389583"]

1. e4 e5 2. Nf3 Nc6 3. Bb5 Nf6 4. O-O Nxe4 5. d4 Nd6 6. Bxc6 dxc6 7. dxe5 Nf5 8. Qxd8+ Kxd8 9. Nc3 Bb4 10. Rd1+ Ke7
11. g4 Nh6 12. Bg5+ Ke8 13. Rd8#
1-0

[Event "बाहुबली (एक योद्धा) BAHUBALI (a warrior)"]
[Site "SchemingMind.com"]
[Date "2015.11.01"]
[Round "-"]
[White "kenneth m day"]
[Black "Ramesh Panwar"]
[Result "0-1"]
[WhiteCountry "USA"]
[BlackCountry "IND"]
[WhiteElo "1678"]
[WhiteRD "53"]
[BlackElo "2402"]
[BlackRD "59"]
[GameID "389584"]

1. e4 c5 2. d4 cxd4 3. c3 dxc3 4. Nxc3 Nc6 5. Nf3 d6 6. Bc4 e6 7. O-O Nf6 8. Qe2 Be7 9. Rd1 e5 10. Nd5 O-O
11. Bg5 Nxd5 12. exd5 Nd4 13. Nxd4 Bxg5 14. Nf3 Bg4 15. Qe4 f5 16. Qc2 Bxf3 17. gxf3 Rc8 18. Qd3 Bf4 19. Kf1 Qh4
0-1

[Event "बाहुबली (एक योद्धा) BAHUBALI (a warrior)"]
[Site "SchemingMind.com"]
[Date "2015.11.01"]
[Round "-"]
[White "Ramesh Panwar"]
[Black "kenneth m day"]
[Result "1-0"]
[WhiteCountry "IND"]
[BlackCountry "USA"]
[WhiteElo "2402"]
[WhiteRD "59"]
[BlackElo "1678"]
[BlackRD "53"]
[GameID "389585"]

1. e4 e5 2. Nf3 Nc6 3. Bb5 f5 4. d3 Nf6 5. O-O d6 6. exf5 Bxf5 7. d4 exd4 8. Re1+ Be7 9. Nxd4 O-O 10. Nxf5 Re8
11. Nc3 a6 12. Bc4+ Kh8 13. Bf7 Rf8 14. Be6 Ne5 15. Bg5 h6 16. Bd2 Nfd7 17. Bxd7 Qxd7 18. Nxe7 Qxe7 19. f4 Qf6 20. fxe5 dxe5
21. Be3 Rad8 22. Qg4
1-0

[Event "बाहुबली (एक योद्धा) BAHUBALI (a warrior)"]
[Site "SchemingMind.com"]
[Date "2015.11.02"]
[Round "-"]
[White "kenneth m day"]
[Black "Hagel"]
[Result "1-0"]
[WhiteCountry "USA"]
[BlackCountry "POL"]
[WhiteElo "1713"]
[WhiteRD "53"]
[BlackElo "1520"]
[BlackRD "69"]
[GameID "389586"]

1. e4 g6 2. d4 Bg7 3. Nc3 d6 4. Be3 Nc6 5. Be2 e5 6. dxe5 Nxe5 7. f4 Nc6 8. Nf3 Nge7 9. Ng5 O-O 10. h4 h6
11. Nf3 f5 12. Bc4+ Kh8 13. Ng5
1-0

[Event "बाहुबली (एक योद्धा) BAHUBALI (a warrior)"]
[Site "SchemingMind.com"]
[Date "2015.11.02"]
[Round "-"]
[White "Hagel"]
[Black "kenneth m day"]
[Result "0-1"]
[WhiteCountry "POL"]
[BlackCountry "USA"]
[WhiteElo "1520"]
[WhiteRD "69"]
[BlackElo "1713"]
[BlackRD "53"]
[GameID "389587"]

1. e4 e5 2. Nf3 Nc6 3. d4 exd4 4. Bc4 Nf6 5. e5 d5 6. Bb5 Ne4 7. Nxd4 Bd7 8. Nxc6 Bxc6 9. Bxc6+ bxc6 10. Be3 Be7
11. Nd2 O-O 12. Nxe4 dxe4 13. Qg4 Qd5 14. Bh6 Qxe5
0-1

[Event "बाहुबली (एक योद्धा) BAHUBALI (a warrior)"]
[Site "SchemingMind.com"]
[Date "2015.11.26"]
[Round "-"]
[White "Greg Magne"]
[Black "smothered mate"]
[Result "0-1"]
[WhiteCountry "CAN"]
[BlackCountry "POL"]
[WhiteElo "1797"]
[WhiteRD "68"]
[BlackElo "1942"]
[BlackRD "68"]
[GameID "390740"]

1. e4 c5 2. Nf3 d6 3. d4 cxd4 4. Nxd4 Nf6 5. Nc3 a6 6. Bg5 Nbd7 7. Qd2 e6 8. Bc4 Ne5 9. Bb3 b5 10. f3 Be7
11. O-O-O O-O 12. h3 Bb7 13. f4 Nc4 14. Qe2 Qc7 15. Rhe1 Rfc8 16. Kb1 Na3+ 17. Ka1 Nc4 18. e5 dxe5 19. fxe5 Nd5 20. Bxe7 Nxe7
21. Ne4 Qxe5 22. c3 Qxe4 23. Qxe4 Bxe4 24. Rxe4 Kf8 25. g4 Nd5 26. Kb1 Rab8 27. Re2 Ke7 28. Nxe6 Nxc3+ 29. bxc3 fxe6 30. Rde1 Rb6
31. Rf1 Rd6 32. Ref2 Nd2+ 33. Kb2 Nxf1 34. Rxf1 Rd2+ 35. Ka3 Rxc3
0-1

[Event "बाहुबली (एक योद्धा) BAHUBALI (a warrior)"]
[Site "SchemingMind.com"]
[Date "2015.11.26"]
[Round "-"]
[White "smothered mate"]
[Black "Greg Magne"]
[Result "1-0"]
[WhiteCountry "POL"]
[BlackCountry "CAN"]
[WhiteElo "1959"]
[WhiteRD "71"]
[BlackElo "1811"]
[BlackRD "72"]
[GameID "390741"]

1. e4 e5 2. Nf3 Nc6 3. Nc3 Nf6 4. Nxe5 Nxe5 5. d4 Ng6 6. e5 Ng8 7. Bc4 Bb4 8. Qf3 f6 9. O-O Bxc3 10. bxc3 c6
11. Ba3 fxe5 12. Qf7#
1-0

[Event "बाहुबली (एक योद्धा) BAHUBALI (a warrior)"]
[Site "SchemingMind.com"]
[Date "2015.11.22"]
[Round "-"]
[White "Greg Magne"]
[Black "emvarela"]
[Result "1-0"]
[WhiteCountry "CAN"]
[BlackCountry "ARG"]
[WhiteElo "1797"]
[WhiteRD "68"]
[BlackElo "1709"]
[BlackRD "48"]
[GameID "390742"]

1. d4 Nf6 2. c4 g6 3. Nc3 Bg7 4. e4 d6 5. f3 O-O 6. Bd3 c5 7. d5 a6 8. a4 e6 9. Nge2 exd5 10. cxd5 Nbd7
11. Bg5 Qc7 12. O-O Ne5 13. Bc2 Bd7 14. h3 h6 15. Bc1 b5 16. f4 Nc4 17. Qd3 Nb6 18. axb5 c4 19. Qf3 axb5 20. Be3 b4
21. Rxa8 Rxa8 22. e5 dxe5 23. d6 Qa7 24. fxe5 bxc3 25. exf6 Bf8 26. bxc3 Bxd6 27. Bxh6 Nd5+ 28. Kh1 Be6 29. Nd4
1-0

[Event "बाहुबली (एक योद्धा) BAHUBALI (a warrior)"]
[Site "SchemingMind.com"]
[Date "2015.11.22"]
[Round "-"]
[White "emvarela"]
[Black "Greg Magne"]
[Result "1-0"]
[WhiteCountry "ARG"]
[BlackCountry "CAN"]
[WhiteElo "1709"]
[WhiteRD "48"]
[BlackElo "1797"]
[BlackRD "68"]
[GameID "390743"]

1. e4 c5 2. Nf3 d6 3. d4 cxd4 4. Nxd4 Nf6 5. Nc3 a6 6. Be3 e5 7. Nb3 Be6 8. Bd3 Nc6 9. Qd2 d5 10. exd5 Nxd5
11. Nxd5 Qxd5 12. f3 O-O-O 13. Be4 Qb5 14. Qe2 Bc4 15. Qf2 g6 16. Bxc6 bxc6 17. Bc5 Bg7 18. a4 Qb8 19. Bb6 Rd7 20. Na5 Be6
21. Nxc6 Qd6 22. Na7+ Kb7 23. a5 Bc4 24. Qe3 e4 25. Qxe4+ Bd5 26. Qd3 Re8+ 27. Kf2 Qc6 28. Nxc6
1-0

[Event "बाहुबली (एक योद्धा) BAHUBALI (a warrior)"]
[Site "SchemingMind.com"]
[Date "2015.11.22"]
[Round "-"]
[White "Greg Magne"]
[Black "Scooter"]
[Result "1-0"]
[WhiteCountry "CAN"]
[BlackCountry "USA"]
[WhiteElo "1811"]
[WhiteRD "72"]
[BlackElo "1717"]
[BlackRD "47"]
[GameID "390744"]

1. d4 Nf6 2. c4 g6 3. Nc3 Bg7 4. e4 d6 5. f3 O-O 6. Bd3 Nbd7 7. Nge2 e5 8. d5 c6 9. Bg5 Qa5 10. Qd2 cxd5
11. cxd5 a6 12. O-O b5 13. Kh1 Nc5 14. Bc2 Bb7 15. a3 Qb6 16. Be3 Qc7 17. Rac1 Rac8 18. Bb1 Qe7 19. Bg5 Ncd7 20. Na2 Rxc1
21. Rxc1 Rc8 22. Rxc8+ Bxc8 23. Qa5 h6 24. Qc7 hxg5 25. Qxc8+ Qe8 26. Qxa6 Qb8 27. Nec3 Nc5 28. Qxb5
1-0

[Event "बाहुबली (एक योद्धा) BAHUBALI (a warrior)"]
[Site "SchemingMind.com"]
[Date "2015.11.22"]
[Round "-"]
[White "Scooter"]
[Black "Greg Magne"]
[Result "0-1"]
[WhiteCountry "USA"]
[BlackCountry "CAN"]
[WhiteElo "1717"]
[WhiteRD "47"]
[BlackElo "1811"]
[BlackRD "72"]
[GameID "390745"]

1. d4 d5 2. Nf3 Nf6 3. Bf4 e6 4. e3 c5 5. Bb5+ Bd7 6. Bxd7+ Nbxd7 7. c3 Nh5 8. Bg5 Qb6 9. Qb3 h6 10. Bh4 g5
11. Qxb6 Nxb6 12. Bg3 Nxg3 13. hxg3 cxd4 14. cxd4 Bg7 15. b3 Rc8 16. Nbd2 Ke7 17. Ke2 Rc2 18. Rhc1 Rhc8 19. Kd1 Rxc1+= 20. Rxc1 Rxc1+
21. Kxc1 Nd7 22. Nb1 Kd6 23. Nc3 a6 24. Kc2 e5 25. dxe5+ Nxe5 26. a4 Nxf3 27. gxf3 d4 28. Ne4+ Kd5 29. Kd3 dxe3 30. fxe3 f5
31. Nc3+ Kc5 32. Na2 h5 33. b4+ Kd5 34. Nc3+ Bxc3 35. Kxc3 h4
0-1

[Event "बाहुबली (एक योद्धा) BAHUBALI (a warrior)"]
[Site "SchemingMind.com"]
[Date "2015.11.22"]
[Round "-"]
[White "Greg Magne"]
[Black "kenneth m day"]
[Result "1-0"]
[WhiteCountry "CAN"]
[BlackCountry "USA"]
[WhiteElo "1797"]
[WhiteRD "68"]
[BlackElo "1698"]
[BlackRD "51"]
[GameID "390746"]

1. e4 e5 2. Nf3 Nc6 3. Bb5 Nf6 4. Nc3 Bc5 5. O-O O-O 6. Nxe5 Re8 7. Nxc6 dxc6 8. Bd3 Bg4 9. Qe1 Qd6 10. Kh1 Qe5
11. f3 Bd7 12. Bc4 Bd6 13. f4 Qh5 14. e5 Ng4 15. Qg3 Be7 16. h3 Bh4 17. Qf3 Be7 18. d4 Kh8 19. f5 Nf6 20. exf6 Qxf3
21. fxg7+ Kxg7 22. Rxf3 Bf6 23. Bf4 Bxd4 24. Bxc7 Rac8 25. Bh2 Bf6 26. Rg3+ Kf8 27. Rf1 Re5 28. Rgf3 Rc5 29. Bb3 b6 30. Bd6+
1-0